| 000 | 00877nam a2200241 i 4500 | ||
|---|---|---|---|
| 003 | IT-RoINE | ||
| 005 | 20150220115550.0 | ||
| 008 | 920725m19511956sp spa | ||
| 040 |
_aSpMaBN _bspa _cA2 _dIT-RoINE |
||
| 100 | 1 |
_aJovellanos, Gaspar Melchor de, _d1744-1811 _97332 |
|
| 245 | 1 | 0 |
_aObras publicadas e inéditas de D. Gaspar Melchor de Jovellanos / _ccolección hecha e ilustrada por Candido Nocedad. |
| 260 |
_aMadrid : _bAtlas, _c1951-1956. |
||
| 300 |
_a5 v. ; _c26 cm. |
||
| 336 |
_2rdacontent _atext |
||
| 337 |
_2rdamedia _aunmediated |
||
| 338 |
_2rdacarrier _avolume |
||
| 490 | 1 |
_aBiblioteca de autores españoles ; _v46, 50, 85-87 |
|
| 505 | 0 | _aT. I. -- T. II. -- T. III. -- T. IV. -- T. V. | |
| 700 | 1 |
_aNocedal, Cándido, _d1821-1885 _916539 |
|
| 700 | 1 |
_98075 _aArtola, Miguel, _d1923- |
|
| 830 | 0 |
_912318 _aBiblioteca de autores españoles |
|
| 942 | _cMTS | ||
| 999 |
_c7988 _d7988 |
||